<?xml version="1.0" encoding="UTF-8"?>
<collection xmlns="http://www.loc.gov/MARC21/slim">
 <record>
  <leader>01028pamaa2200205   4500</leader>
  <controlfield tag="001">0000050888</controlfield>
  <controlfield tag="005">20121212090000.0</controlfield>
  <controlfield tag="008">121212s2013                             eng  </controlfield>
  <datafield tag="020" ind1="0" ind2="0">
   <subfield code="a">9780415501101 (pbk.) </subfield>
  </datafield>
  <datafield tag="090" ind1="0" ind2="0">
   <subfield code="a">TH435 </subfield>
   <subfield code="b">CAR 2013</subfield>
  </datafield>
  <datafield tag="100" ind1="1" ind2="0">
   <subfield code="a">Cartlidge </subfield>
  </datafield>
  <datafield tag="245" ind1="1" ind2="0">
   <subfield code="a">Quantity surveyor's pocket book  </subfield>
   <subfield code="c">Duncan Cartlidge.</subfield>
  </datafield>
  <datafield tag="250" ind1="0" ind2="0">
   <subfield code="a">2nd ed.</subfield>
  </datafield>
  <datafield tag="260" ind1="0" ind2="0">
   <subfield code="a">New York, NY: </subfield>
   <subfield code="b">Routledge, </subfield>
   <subfield code="c">2013.</subfield>
  </datafield>
  <datafield tag="300" ind1=" " ind2=" ">
   <subfield code="a">xii, 423 p. : ill. ; 19 cm.</subfield>
  </datafield>
  <datafield tag="504" ind1="0" ind2="0">
   <subfield code="a">Includes bibliographical references (p. [412]-413) and index</subfield>
  </datafield>
  <datafield tag="505" ind1="0" ind2="0">
   <subfield code="a">&quot;Now substantially revised and fully up-to-date with NRM1 and NRM2, the Quantity Surveyor?s Pocket Book remains the essential reference for newly qualified and student quantity surveyors. Outlines all of the practical skills, contractual and management techniques needed in the profession with a no-nonsense approach&quot;-- Provided by publisher</subfield>
  </datafield>
  <datafield tag="650" ind1="0" ind2="0">
   <subfield code="a">Quantity surveying --Handbooks, manuals, etc. </subfield>
  </datafield>
  <datafield tag="650" ind1="0" ind2="0">
   <subfield code="a">TECHNOLOGY &amp; ENGINEERING / Construction / General </subfield>
  </datafield>
  <datafield tag="901" ind1=" " ind2=" ">
   <subfield code="u">http://www.routledge.com</subfield>
  </datafield>
 </record>
</collection>
